<?xml version="1.0" encoding="UTF-8"?><?xml-stylesheet type="text/xsl" href="static/style.xsl"?><OAI-PMH xmlns="http://www.openarchives.org/OAI/2.0/" xmlns:xsi="http://www.w3.org/2001/XMLSchema-instance" xsi:schemaLocation="http://www.openarchives.org/OAI/2.0/ http://www.openarchives.org/OAI/2.0/OAI-PMH.xsd"><responseDate>2026-04-14T19:49:34Z</responseDate><request verb="GetRecord" identifier="oai:uvadoc.uva.es:10324/7624" metadataPrefix="marc">https://uvadoc.uva.es/oai/request</request><GetRecord><record><header><identifier>oai:uvadoc.uva.es:10324/7624</identifier><datestamp>2021-06-29T10:16:57Z</datestamp><setSpec>com_10324_38</setSpec><setSpec>col_10324_852</setSpec></header><metadata><record xmlns="http://www.loc.gov/MARC21/slim" xmlns:doc="http://www.lyncode.com/xoai" xmlns:xsi="http://www.w3.org/2001/XMLSchema-instance" xmlns:dcterms="http://purl.org/dc/terms/" xsi:schemaLocation="http://www.loc.gov/MARC21/slim http://www.loc.gov/standards/marcxml/schema/MARC21slim.xsd">
<leader>00925njm 22002777a 4500</leader>
<datafield tag="042" ind1=" " ind2=" ">
<subfield code="a">dc</subfield>
</datafield>
<datafield tag="720" ind1=" " ind2=" ">
<subfield code="a">Arratia Blancas, María Angustias</subfield>
<subfield code="e">author</subfield>
</datafield>
<datafield tag="260" ind1=" " ind2=" ">
<subfield code="c">2014</subfield>
</datafield>
<datafield tag="520" ind1=" " ind2=" ">
<subfield code="a">En este trabajo se plantean ciertas estrategias para crear conciencia y sentido de&#xd;
pertenencia a la Unión Europea. Para ello utilizaremos recursos didácticos que están a&#xd;
nuestro alcance, sin duda el más adecuando para el objetivo propuesto será el portal de&#xd;
la Unión Europea. Una página que está en todos los idiomas oficiales de la Unión&#xd;
Europea.&#xd;
A partir de esta página web, veremos cómo podemos sacar el mejor provecho posible&#xd;
dentro del aula para conseguir el objetivo fundamental de este Trabajo de Fin de Grado.&#xd;
Además de esto analizaremos la importancia de este sentimiento de pertenencia a la&#xd;
Unión europea y los valores que lleva implícitos, que nos ayudarán a conseguir un&#xd;
mejor desarrollo integral del alumnado de primaria.</subfield>
</datafield>
<datafield tag="024" ind2=" " ind1="8">
<subfield code="a">http://uvadoc.uva.es/handle/10324/7624</subfield>
</datafield>
<datafield ind1=" " ind2=" " tag="653">
<subfield code="a">Unión Europea en la educacion</subfield>
</datafield>
<datafield tag="245" ind1="0" ind2="0">
<subfield code="a">La Unión Europea, iniciativas, materiales y recursos para la educación</subfield>
</datafield>
</record></metadata></record></GetRecord></OAI-PMH>